Chicken Soup for the Soul Find Your Happiness (Record no. 56204)

MARC details
000 -LEADER
fixed length control field 00467nam a2200181Ia 4500
008 - FIXED-LENGTH DATA ELEMENTS--GENERAL INFORMATION
fixed length control field 230524s9999 xx 000 0 und d
020 ## - INTERNATIONAL STANDARD BOOK NUMBER
ISBN 9789383260416
082 ## - DEWEY DECIMAL CLASSIFICATION NUMBER
Item number CAN
100 ## - MAIN ENTRY--AUTHOR NAME
Personal name Jack Canfield
245 #0 - TITLE STATEMENT
Title Chicken Soup for the Soul Find Your Happiness
250 ## - EDITION STATEMENT
Edition statement 1
260 ## - PUBLICATION, DISTRIBUTION, ETC. (IMPRINT)
Place of publication Noida
Name of publisher Westland
Year of publication 2011
300 ## - PHYSICAL DESCRIPTION
Number of Pages 380p;
500 ## - GENERAL NOTE
General note Quantity Number: 1
650 ## - SUBJECT ADDED ENTRY--TOPICAL TERM
Topical Term Misalliance
700 ## - ADDED ENTRY--PERSONAL NAME
Personal name Mark Victor Hansen
942 ## - ADDED ENTRY ELEMENTS (KOHA)
Koha item type Books
Holdings
Lost status Damaged status Permanent Location Current Location Shelving location Date acquired Full call number Accession Number Koha item type
    Central Library, Trident Academy of Technology Central Library, Trident Academy of Technology General Stacks 05/24/2023 CAN 53435 Books
Trident Academy of Technology © 2023.
All rights reserved.                                                                                                                                                                                                        Designed by Team of Central Library .

Powered by Koha